02265nam a2200301 a 4500001000200000003000300002005001700005008003000022020001800052040002200070082002800092245013100120246007600251260004600327300001800373490006500391500004200456500022600498504022600724505054800950650007801498650008801576651008401664700004001748700002201788710007701810710007601887  20230316111739.0130313s2008 dr 000 0 spa d a9789945865127 aBPMSUbspacBPMSU 4a323.44 bL681a 200822200a Ley de acceso a la informaciòn : balance y análisis /cpresentación Cristóbal Rodríguez Gómez, Wilfredo Lozano,13aCuarto Panel :Ley de acceso a la informaciòn : balance y análisis  aSanto Domingo :bFLASCO :bCONARE,c2008. a3v. ;c22 cm.0 aReforma y modernización del sistema político dominicano  aIncluye notas al pie de las páginas a 4to panel a cargo del dr. Castaños Guzmán para quien la adopción de la Ley general de libre acceso a la información implica la transformación de la relación de los ciudadanos con la administración pública a 4to panel a cargo del dr. Castaños Guzmán para quien la adopción de la Ley general de libre acceso a la información implica la transformación de la relación de los ciudadanos con la administración pública gv.1. : 1o. Panel--tSeparación de poderes y sistemas de control: los poderes del Estado en la reforma constitucional de la República Dominicana /rCristóbal Rodríguez Gómezgv. 2. : 2o. Panel : tEl papel de los partidos políticos en la construcción de la transparencia en la administración pública--gv.3. : 3o. Panel-tNacionalidad, ciudadanía y reforma constitucional en la República Dominicana de principios del siglo XXI /rWilfredo Lozanogv.4. : 4o. Panel--tLey de acceso a la información: balance y analisís. 4a Derecho civiles zRepública DominicanavCongresos, conferencias, etc.  4aLibertad de información zRepública Dominicana vCongresos, conferencias, etc.  4aRepública Dominicana xDerecho constitucionalvCongresos, conferencias, etc. 1 aRodríguez Gómez, Cristóbalt 1 aLozano, Wilfredo.2 aConsejo Nacional de Administración del Estado (República Dominicana)2 aFacultad Latinoamericcana de Ciencias Sociales (República Dominicana)